Power to the end user (Record no. 15706)
[ view plain ]
| 000 -LEADER | |
|---|---|
| fixed length control field | 01148cab a2200217 4500 |
| 001 - CONTROL NUMBER | |
| control field | ABS40392 |
| 008 - FIXED-LENGTH DATA ELEMENTS--GENERAL INFORMATION | |
| fixed length control field | 090401t1989 xxu||||| |||| 00| 0 eng d |
| 035 ## - SYSTEM CONTROL NUMBER | |
| System control number | (Sirsi) u23501 |
| 041 ## - LANGUAGE CODE | |
| Language code of text/sound track or separate title | eng |
| 100 ## - MAIN ENTRY--PERSONAL NAME | |
| Personal name | Pearce, N.J. |
| 245 ## - TITLE STATEMENT | |
| Title | Power to the end user |
| 260 ## - PUBLICATION, DISTRIBUTION, ETC. | |
| Date of publication, distribution, etc. | 1989 |
| 350 ## - PRICE (NR) (BK AM CF MU VM SE) [OBSOLETE] | |
| Price | 0 |
| 490 ## - SERIES STATEMENT | |
| Series statement | Mapping Awareness |
| Volume/sequential designation | 2(6) January/February 1989, 8-13(6) |
| 520 ## - SUMMARY, ETC. | |
| Summary, etc. | Adapted from a paper presented at the National Mapping Awareness Conference in Oxford in January, the article examines the use of computers in digital mapping . Due to the rapid devlopment of the Geographic Information Systems market, there has been a huge increase in the number of suppliers and variety of systems on offer. Gives guidance on the selection of suitable options, assessing the role of personal computers, mini-computers, engineering workstations and mainframes. Concludes with an A-Z listing of system suppliers, including their contact address and product name. |
| 650 ## - SUBJECT ADDED ENTRY--TOPICAL TERM | |
| Topical term or geographic name entry element | MANAGEMENT-BUSINESS MANAGEMENT-INFORMATION MANAGEMENT |
| 650 ## - SUBJECT ADDED ENTRY--TOPICAL TERM | |
| Topical term or geographic name entry element | LAND INFORMATION SYSTEMS |
| 690 ## - LOCAL SUBJECT ADDED ENTRY--TOPICAL TERM (OCLC, RLIN) | |
| Topical term or geographic name as entry element | PRACTICE AND TECHNIQUES |
| 942 ## - ADDED ENTRY ELEMENTS (KOHA) | |
| Suppress in OPAC | 0 |
| 948 ## - LOCAL PROCESSING INFORMATION (OCLC); SERIES PART DESIGNATOR (RLIN) | |
| c (OCLC) | 04/03/1997 |
| Withdrawn status | Lost status | Source of classification or shelving scheme | Damaged status | Not for loan | Home library | Current library | Shelving location | Date acquired | Total Checkouts | Full call number | Barcode | Date last seen | Copy number | Price effective from | Koha item type |
|---|---|---|---|---|---|---|---|---|---|---|---|---|---|---|---|
| Dewey Decimal Classification | London | London | Journal article | 14/09/1999 | ABS40392 | 23501-1001 | 06/08/2019 | 1 | 06/08/2019 | Journal article |